000 00251nam a2200097Ia 4500
001 683553
005 20250826161440.0
008 250824s9999 xx 000 0 und d
245 0 _aİNANILMAZ ÖZEL EFEKTLER
_cDİANA KİMPTON
260 _bTİMAŞ YAYINLARI
999 _c683553
_d683553